00475pam a2200157 a 4500020001500000040000800015082002600023100002300049245002500072250001200097260003500109300003300144650002400177856006200201856005400263 a0072896396 cDLC00a781 HIL 1999 A085 Or.1 aWilloughby, David.14aThe world of music / a4th ed. aBoston :bMcGraw-Hill,cc1999. axv, 384 p. :bill. ;c26 cm. 0aMusic appreciation.42uhttp://www.loc.gov/catdir/description/mh023/98012648.html41uhttp://www.loc.gov/catdir/toc/mh022/98012648.html